The San Gabriel missions : (Record n. 30926)

Dettagli MARC
000 -LEADER
fixed length control field 00723nam a2200217 i 4500
003 - CONTROL NUMBER IDENTIFIER
control field IT-RoINE
005 - DATE AND TIME OF LATEST TRANSACTION
control field 20190618043553.0
008 - FIXED-LENGTH DATA ELEMENTS--GENERAL INFORMATION
fixed length control field 990501s1969 sp r 1 | eng d
040 ## - CATALOGING SOURCE
Original cataloging agency SpMaBN
Language of cataloging spa
Transcribing agency CDM IT-RoINE
Modifying agency IT-RoINE
100 1# - MAIN ENTRY--PERSONAL NAME
Personal name Starnes, Gary B.
9 (RLIN) 60654
245 14 - TITLE STATEMENT
Title The San Gabriel missions :
Remainder of title 1746-1756 /
Statement of responsibility, etc by Gary B. Starnes.
260 ## - PUBLICATION, DISTRIBUTION, ETC. (IMPRINT)
Place of publication, distribution, etc Madrid :
Name of publisher, distributor, etc Ministry of Foreing Affairs Governmenth of Spain,
Date of publication, distribution, etc 1969.
300 ## - PHYSICAL DESCRIPTION
Extent 67 p. ;
Dimensions 24 cm.
336 ## - CONTENT TYPE
Source rdacontent
Content type term text
337 ## - MEDIA TYPE
Source rdamedia
Media type term unmediated
338 ## - CARRIER TYPE
Source rdacarrier
Carrier type term volume
500 ## - GENERAL NOTE
General note Incluye índice.
504 ## - BIBLIOGRAPHY, ETC. NOTE
Bibliography, etc "Bibliography": p. 47-53.
610 24 - SUBJECT ADDED ENTRY--CORPORATE NAME
Corporate name or jurisdiction name as entry element Franciscanos
General subdivision Misiones
Geographic subdivision Estados Unidos
-- Texas
Chronological subdivision 1746-1756
9 (RLIN) 60655
942 ## - ADDED ENTRY ELEMENTS (KOHA)
Item type Monografías
Dati di copia
Withdrawn status Lost status Damaged status Not for loan Home library Current library Date acquired Total Checkouts Full call number Barcode Date last seen Price effective from Koha item type
        Iglesia Nacional Española en Roma Iglesia Nacional Española en Roma 18/06/2019   HIS.ECL 282 57261 18/06/2019 18/06/2019 Monografías